01215cam a2200241 i 4500003000900000005001700009007000300026008004100029020001500070040003100085082001300116100003600129240002600165245014700191250001800338264004700356300005100403336002700454337003300481338002800514520038600542700004500928DO-SdBNP20240625143434.0ta240625s2005 sp bc 000 f spa d a8478712607 aDO-SdBNPcspadBNPHU erda bC8282221 aCortés, Ferran Ramóneautor aL´illa dels 5 fars /13aLa isla de los 5 faros :bun recorrido por las claves de la comunicación /cFerran Ramón Cortés : traducción Cristina Torrent Cortés a3a. edición 1aBarcelona, España :bRBA libros, c2005. a142 páginasbilustraciones, retratosc22 cm. 2rdacontentatextobtxt 2rdamediaasin mediaciónbn 2rdacarrieravolumenbnc a«La isla de los 5 faros es una invitación magistral a convertirnos en grandes comunicadores. Ferran nos lleva, a través de una historia inspiradora, cálida y cercana, a encontrar las claves de la comunicación altamente efectiva.» «Cinco faros, cinco claves, cinco historias. Una isla, un escritor y un libro. Un libro claro y sencillo de obligada lectura para todos.» 1 aTorrent Cortés, Cristinaetraducción